Evaluación de un proyecto de inversión de producción de cerezas en el partido de Villarino /

Guardado en:
Otros Autores: Acuña, Andrea Paola. (Disertante), Rotstein, Fabio. (Orientador)
Formato: Manuscrito
Idioma:Spanish
Publicado: 2003.
Materias:
Etiquetas: Agregar Etiqueta
Sin Etiquetas, Sea el primero en etiquetar este registro!
LEADER 00918ntm a22002175a 4500
001 EAD.ead000920
008 070823s2003####ag#######bm###000#0#spa#d
005 20111014141827.0
245 1 0 |a Evaluación de un proyecto de inversión de producción de cerezas en el partido de Villarino /  |c Andrea Paola Acuña. 
260 |c 2003. 
300 |a 75 h. ;  |c 30 cm. 
502 |a Tesis (licenciatura)--Universidad Nacional del Sur. Departamento de Ciencias de la Administración, 2003. 
500 |a Director de tesis: Fabio Rotstein. 
504 |a Incluye referencias bibliográficas. 
100 1 |a Acuña, Andrea Paola.  |4 dis 
700 1 |a Rotstein, Fabio.  |4 ths 
710 2 |a Universidad Nacional del Sur.  |b Departamento de Ciencias de la Administración  |4 dgg. 
082 0 4 |a 634.23  |2 21 
650 7 |a Cerezas.  |2 unbist 
650 7 |a Análisis de inversiones.  |2 unbist 
859 |a AR-BaBDC  |b BIB. ADMINISTRACION - Tesis  |h 634.23  |i Ac93  |k T  |p b04752